| 000 | 00737nas a22002057a 4500 | ||
|---|---|---|---|
| 999 |
_c6648 _d6648 |
||
| 003 | OSt | ||
| 005 | 20181022115016.0 | ||
| 007 | ta | ||
| 008 | 131024c1976 sp a|||| |||| 00| 0 spa d | ||
| 022 | _a0210-4210 | ||
| 024 |
_2DL _aM.35.085-1976 |
||
| 040 |
_cCDMR _bcat |
||
| 041 | _acat | ||
| 245 | 0 | 0 |
_aDocumentación de las Ciencias de Información _cFacultad de Ciencias de Información. Universidad Complutense de Madrid |
| 260 |
_aMadrid _c1976- _bServicio de Publicaciones Universidad Complutense |
||
| 650 | 0 | 4 |
_94578 _aComunicació en biblioteconomia |
| 650 | 0 | 4 |
_94579 _aComunicació en ciències de la informació |
| 710 | 2 |
_93910 _aUniversidad Complutense de Madrid _b-- Facultad de Ciencias de la Información |
|
| 856 |
_uhttps://dialnet.unirioja.es/servlet/revista?codigo=1527 _yDisponible a Dialnet |
||
| 856 |
_uhttps://revistas.ucm.es/index.php/DCIN/index _yPortal Web (UCM) |
||
| 942 |
_2udc _cSER _s1 |
||